000 nam a22 7a 4500
999 _c7718
_d7718
008 171003b xxu||||| |||| 00| 0 eng d
020 _a9780582084391
100 _aHony B V
_94202
245 _aActive Mathematics-1
260 _aSingapore
_bActive Publiocation
_c1978